00393nam a22001337a 450000500170000000800410001704100220005808200120008010000220009224500400011426000460015430000340020065000250023420240702145126.0240702b |||||||| |||| 00| 0 eng d aEnglish/Afrikaans a349 SOU lEnglish/Afrikaans aSouth African Criminal Law Reports  aCape Town: bJuta and Company Ltd, c1998 blxxxiii, 726 pages; c26 cm.  aLegal practice bLaw